[Event "Katowice POL-HUN 10th"]
[Site "Katowice"]
[Date "2023.09.10"]
[Round "6"]
[White "Pasti, Aron"]
[Black "Golenia, Wojciech"]
[Result "0-1"]
[WhiteElo "2372"]
[BlackElo "2198"]
[PlyCount "72"]
[EventDate "2023.09.09"]
[EventType "swiss (rapid)"]
[EventRounds "9"]
[EventCountry "POL"]
[SourceTitle "EXT 2024"]
[Source "ChessBase"]
[SourceDate "2023.10.10"]
[SourceVersion "1"]
[SourceVersionDate "2023.10.10"]
[SourceQuality "1"]

1. e4 e5 2. Nf3 Nc6 3. Bc4 Nf6 4. d3 Be7 5. 0-0 d6 6. c3 0-0 7. Re1 Kh8 8. h3 Ng8 9. d4 f5 10. d5 Nb8 11. exf5 Bxf5 12. Bd3 Nd7 13. Bxf5 Rxf5 14. Nbd2 Qe8 15. Ne4 Qg6 16. Ng3 Rff8 17. b4 h6 18. Be3 Ngf6 19. c4 Nb6 20. Rc1 Rf7 21. a4 a5 22. bxa5 Rxa5 23. Bxb6 cxb6 24. Rxe5 Ra8 25. Re6 Raf8 26. Qb3 Bd8 27. Rxd6 Bc7 28. Rxb6 Bxg3 29. fxg3 Qxg3 30. Rf1 Nh5 31. Qe3 Nf4 32. Rb2 Nxh3+ 33. Kh1 Nf4 34. Rbf2 Rf5 35. Qe1 Rh5+ 36. Kg1 Nh3+ 0-1

[Event "Polanica Zdroj op 59th"]
[Site "Polanica Zdroj"]
[Date "2023.08.27"]
[Round "9"]
[White "Gbiorczyk, Mikolaj1111"]
[Black "Golenia, Wojciech"]
[Result "1-0"]
[WhiteElo "2045"]
[BlackElo "2227"]
[PlyCount "63"]
[EventDate "2023.08.19"]
[EventType "swiss"]
[EventRounds "9"]
[EventCountry "POL"]
[SourceTitle "CBM 215 Extra"]
[Source "ChessBase"]
[SourceDate "2023.09.30"]
[SourceVersion "1"]
[SourceVersionDate "2023.09.30"]
[SourceQuality "1"]

1. e4 e5 2. Nf3 Nc6 3. Nc3 Nf6 4. Bc4 Nxe4 5. Nxe4 d5 6. Bd3 dxe4 7. Bxe4 Bd6 8. d4 Nxd4 9. Nxd4 exd4 10. Qxd4 0-0 11. Be3 Re8 12. 0-0-0 Qe7 13. Bd3 Be6 14. Qe4 f5 15. Qf3 Qf7 16. a3 a6 17. Bf4 Bd5 18. Qg3 Bf8 19. Rhe1 c5 20. Qg5 Rxe1 21. Rxe1 g6 22. Qg3 b5 23. Bd6 c4 24. Bxf8 cxd3 25. Bb4 Be4 26. cxd3 a5 27. Bxa5 f4 28. Qh4 Rc8+ 29. Bc3 b4 30. axb4 Ra8 31. Rxe4 Qb3 32. Kd2 1-0

[Event "POL-chT 2nd League"]
[Site "Jastrzebia Gora"]
[Date "2022.09.10"]
[Round "8.30"]
[White "Golenia, Wojciech"]
[Black "Marczuk, Dominik"]
[Result "1-0"]
[WhiteElo "2175"]
[BlackElo "2281"]
[PlyCount "77"]
[EventDate "2022.09.03"]
[EventType "team-swiss"]
[EventRounds "9"]
[EventCountry "POL"]
[SourceTitle "CBM 210 Extra"]
[Source "ChessBase"]
[SourceDate "2022.11.30"]
[SourceVersion "1"]
[SourceVersionDate "2022.11.30"]
[SourceQuality "1"]
[WhiteTeam "Wieliczka MKS MOS"]
[BlackTeam "Krakow KKSz"]
[WhiteTeamCountry "POL"]
[BlackTeamCountry "POL"]

1. e4 c5 2. Nf3 Nc6 3. d4 cxd4 4. Nxd4 g6 5. c4 Bg7 6. Be3 Nf6 7. Nc3 0-0 8. Be2 d6 9. f3 Nxd4 10. Bxd4 Be6 11. 0-0 Qa5 12. Rc1 Rfc8 13. b3 Nd7 14. Bxg7 Kxg7 15. f4 Nf6 16. g4 g5 17. f5 Bd7 18. Qd2 h6 19. Kg2 Bc6 20. Bf3 Nd7 21. h4 f6 22. Rh1 Ne5 23. Rh3 a6 24. Rch1 Rh8 25. Kf1 Rag8 26. Bd1 b5 27. Qe3 Qc7 28. Be2 Qb7 29. cxb5 axb5 30. b4 Nf7 31. Bd1 Ra8 32. Bb3 Ne5 33. Qe2 Qb6 34. hxg5 fxg5 35. Qd2 Nxg4 36. Rg3 Ne5 37. Rxg5+ Kf8 38. Rxh6 Rxh6 39. Rg8# 1-0

[Event "Malopolska-ch"]
[Site "Krakow"]
[Date "2022.06.19"]
[Round "7"]
[White "Kyc, Jerzy"]
[Black "Golenia, Wojciech"]
[Result "1/2-1/2"]
[WhiteElo "2213"]
[BlackElo "2130"]
[PlyCount "121"]
[EventDate "2022.06.16"]
[EventType "swiss"]
[EventRounds "7"]
[EventCountry "POL"]
[SourceTitle "CBM 208 Extra"]
[Source "ChessBase"]
[SourceDate "2022.07.31"]
[SourceVersion "1"]
[SourceVersionDate "2022.07.31"]
[SourceQuality "1"]

1. e4 e5 2. Nf3 Nc6 3. Bb5 a6 4. Ba4 Nf6 5. 0-0 Be7 6. Re1 b5 7. Bb3 d6 8. c3 0-0 9. h3 Na5 10. Bc2 c5 11. d4 Nd7 12. Nbd2 exd4 13. cxd4 Nc6 14. Nf1 cxd4 15. Nxd4 Nxd4 16. Qxd4 Ne5 17. f4 Nc6 18. Qf2 Bb7 19. Ne3 Bh4 20. g3 Bf6 21. Nd5 Bd4 22. Be3 Bxe3 23. Qxe3 Ne7 24. Nxe7+ Qxe7 25. Rad1 Rfe8 26. Qb6 Rac8 27. Bb3 Red8 28. Rd3 h5 29. e5 d5 30. e6 fxe6 31. Rxe6 Qf7 32. Rde3 Rd7 33. Qd4 Rdc7 34. Qe5 h4 35. gxh4 a5 36. Kh2 a4 37. Bd1 Rf8 38. Kg3 d4 39. Bh5 Qd7 40. Rd3 Rc2 41. Bf3 Bxf3 42. Rxf3 Qf7 43. h5 Qf5 44. Qxf5 Rxf5 45. Re8+ Rf8 46. Re5 Rd8 47. Rd3 Rxb2 48. Kf3 b4 49. Rb5 a3 50. h4 Rxa2 51. Rxb4 Rh2 52. Kg4 a2 53. Ra4 Kf7 54. Ra7+ Ke6 55. Ra4 Rd5 56. Ra6+ Ke7 57. Kf3 Rd7 58. Ke4 Re2+ 59. Kf3 Rh2 60. Ke4 Rxh4 61. Rxa2 1/2-1/2

[Event "Malopolska-ch"]
[Site "Krakow"]
[Date "2022.06.18"]
[Round "6"]
[White "Golenia, Wojciech"]
[Black "Lewtak, Damian"]
[Result "0-1"]
[WhiteElo "2130"]
[BlackElo "2388"]
[PlyCount "62"]
[EventDate "2022.06.16"]
[EventType "swiss"]
[EventRounds "7"]
[EventCountry "POL"]
[SourceTitle "CBM 208 Extra"]
[Source "ChessBase"]
[SourceDate "2022.07.31"]
[SourceVersion "1"]
[SourceVersionDate "2022.07.31"]
[SourceQuality "1"]

1. e4 d6 2. d4 Nf6 3. Nc3 e5 4. Nf3 Nbd7 5. Bc4 Be7 6. 0-0 0-0 7. Re1 c6 8. a4 a5 9. h3 Qc7 10. Be3 Rb8 11. Qe2 h6 12. Rad1 Re8 13. dxe5 dxe5 14. Nh4 Nf8 15. Nf5 Bxf5 16. exf5 Bb4 17. g4 Qe7 18. Qf3 N6h7 19. Qg3 b5 20. Bb3 Bxc3 21. bxc3 Ng5 22. f3 bxa4 23. Bxa4 Qa3 24. Ra1 Qxc3 25. h4 Ngh7 26. g5 h5 27. Bb3 g6 28. Qh3 Qb4 29. fxg6 Nxg6 30. Qf5 Nxh4 31. Qxf7+ Kh8 0-1

[Event "POL-chT 2nd League"]
[Site "Sypniewo"]
[Date "2021.09.08"]
[Round "5.6"]
[White "Golenia, Wojciech"]
[Black "Smagalski, Slawomir"]
[Result "1/2-1/2"]
[WhiteElo "2049"]
[BlackElo "1939"]
[PlyCount "104"]
[EventDate "2021.09.04"]
[EventType "team-swiss"]
[EventRounds "9"]
[EventCountry "POL"]
[SourceTitle "CBM 204 Extra"]
[Source "ChessBase"]
[SourceDate "2021.11.30"]
[SourceVersion "1"]
[SourceVersionDate "2021.11.30"]
[SourceQuality "1"]
[WhiteTeam "Wieliczka MKS MOS"]
[BlackTeam "Konin Hetman"]
[WhiteTeamCountry "POL"]
[BlackTeamCountry "POL"]

1. e4 e5 2. Nf3 Nc6 3. Bc4 Bc5 4. c3 Nf6 5. d4 exd4 6. e5 d5 7. Bb5 Ne4 8. cxd4 Bb4+ 9. Bd2 Bxd2+ 10. Nbxd2 0-0 11. 0-0 Bd7 12. Bxc6 Bxc6 13. Qb3 a5 14. Rad1 Qe8 15. Qe3 f6 16. exf6 Rxf6 17. Ne5 Nxd2 18. Rxd2 Qe6 19. Rc1 Re8 20. h3 Qf5 21. Qg3 Ree6 22. Ng4 Rf7 23. Ne5 Rff6 24. Qc3 a4 25. Qa5 Rxe5 26. dxe5 Qxe5 27. Qc5 h6 28. Qc3 Qg5 29. Rd4 Bd7 30. h4 Qf5 31. Qc2 Qe5 32. Qd2 Bc6 33. Re1 Qd6 34. Qb4 Qd7 35. Rf4 Rd6 36. Qd4 Rg6 37. Qe3 Rxg2+ 38. Kf1 Rg6 39. Rd1 Bb5+ 40. Rd3 c5 41. Qf3 Qd6 42. Rf5 d4 43. Ke1 Bxd3 44. Qxd3 Qe6+ 45. Kd2 c4 46. Qf3 Rf6 47. Rxf6 Qxf6 48. Qd5+ Kf8 49. Qc5+ Ke8 50. Qc8+ Kf7 51. Qxc4+ Kg6 52. Qd3+ Kh5 1/2-1/2

[Event "POL-chT 2nd League"]
[Site "Sypniewo"]
[Date "2021.09.07"]
[Round "4.4"]
[White "Brzezinski, Mateusz"]
[Black "Golenia, Wojciech"]
[Result "1/2-1/2"]
[WhiteElo "2189"]
[BlackElo "2049"]
[PlyCount "83"]
[EventDate "2021.09.04"]
[EventType "team-swiss"]
[EventRounds "9"]
[EventCountry "POL"]
[SourceTitle "CBM 204 Extra"]
[Source "ChessBase"]
[SourceDate "2021.11.30"]
[SourceVersion "1"]
[SourceVersionDate "2021.11.30"]
[SourceQuality "1"]
[WhiteTeam "Bydgoszcz Hetman"]
[BlackTeam "Wieliczka MKS MOS"]
[WhiteTeamCountry "POL"]
[BlackTeamCountry "POL"]

1. d4 Nf6 2. c4 e6 3. Nf3 b6 4. Nc3 Bb4 5. Bg5 h6 6. Bh4 Bb7 7. Nd2 c5 8. a3 Bxc3 9. bxc3 d6 10. e4 Nbd7 11. d5 e5 12. Bd3 0-0 13. a4 a5 14. g4 g5 15. Bg3 Kg7 16. Nf1 Ng8 17. h4 Ne7 18. Ne3 Rh8 19. Kd2 f6 20. Rb1 Qe8 21. f3 Qg6 22. Qe2 Rh7 23. Bf2 Rah8 24. Kc2 Qe8 25. Kb3 Bc8 26. Ka3 Qd8 27. Qb2 Ba6 28. Rh2 Qe8 29. Rbh1 Kg8 30. Qb1 Qd8 31. Be1 Nf8 32. Rb2 Nd7 33. Nf1 Ng6 34. Ne3 Ne7 35. Bd2 Kf7 36. Bc1 Kg8 37. Rbh2 Nf8 38. Rb2 Nd7 39. Rg2 Nf8 40. Be2 Nfg6 41. Nf5 Kf7 42. h5 1/2-1/2

[Event "Suwalki Warakomska Memorial 5th"]
[Site "Suwalki"]
[Date "2021.07.29"]
[Round "4"]
[White "Zakrzewski, Marek"]
[Black "Golenia, Wojciech"]
[Result "1-0"]
[WhiteElo "2295"]
[BlackElo "2102"]
[PlyCount "85"]
[EventDate "2021.07.27"]
[EventType "swiss"]
[EventRounds "9"]
[EventCountry "POL"]
[SourceTitle "CBM 203 Extra"]
[Source "ChessBase"]
[SourceDate "2021.09.30"]
[SourceVersion "1"]
[SourceVersionDate "2021.09.30"]
[SourceQuality "1"]

1. e4 e5 2. Nf3 Nc6 3. Bc4 Nf6 4. Ng5 d5 5. exd5 b5 6. Bf1 h6 7. Nf3 Qxd5 8. Nc3 Qc5 9. Bxb5 Bd7 10. 0-0 Bd6 11. d3 Nd5 12. Nxd5 Qxb5 13. c4 Qb7 14. Re1 0-0 15. Bxh6 Be6 16. Bd2 f6 17. Bc3 Rae8 18. d4 Bg4 19. Ne3 Bh5 20. d5 Ne7 21. g4 Bg6 22. Nh4 Bh7 23. Qb3 Qa6 24. Qb5 Qxb5 25. cxb5 Bc5 26. Rad1 Rd8 27. Nhf5 Bxf5 28. gxf5 Bxe3 29. fxe3 e4 30. Bb4 Rfe8 31. d6 cxd6 32. Rxd6 Rxd6 33. Bxd6 Nxf5 34. Bc5 Re5 35. b4 Nh4 36. Kf2 Rd5 37. Bxa7 Nf3 38. b6 Rb5 39. Rb1 Ne5 40. a4 Nd3+ 41. Ke2 Rh5 42. b7 Rxh2+ 43. Kd1 1-0

[Event "Krakow Malopolska-ch"]
[Site "Krakow"]
[Date "2021.06.05"]
[Round "5"]
[White "Golenia, Wojciech"]
[Black "Szczurek, Krzysztof"]
[Result "1-0"]
[WhiteElo "2072"]
[BlackElo "2151"]
[PlyCount "91"]
[EventDate "2021.06.03"]
[EventType "swiss"]
[EventRounds "7"]
[EventCountry "POL"]
[SourceTitle "CBM 202 Extra"]
[Source "ChessBase"]
[SourceDate "2021.07.31"]
[SourceVersion "1"]
[SourceVersionDate "2021.07.31"]
[SourceQuality "1"]

1. e4 c5 2. Nf3 d6 3. d4 cxd4 4. Nxd4 Nf6 5. Nc3 a6 6. Bg5 e6 7. f4 h6 8. Bh4 Qb6 9. Qd2 Qxb2 10. Rb1 Qa3 11. e5 dxe5 12. fxe5 Nd5 13. Nxd5 exd5 14. e6 f6 15. c4 dxc4 16. Be2 Qc5 17. Qc2 Qxd4 18. Qg6+ Kd8 19. Rd1 Qxd1+ 20. Kxd1 Bxe6 21. Bxf6+ Kd7 22. Bg4 gxf6 23. Bxe6+ Kxe6 24. Re1+ Kd7 25. Qf7+ Kc6 26. Qxf6+ Kc7 27. Qe5+ Kb6 28. Qxh8 Nc6 29. Qb2+ Kc7 30. Rf1 Rd8+ 31. Kc1 Nb4 32. Qe5+ Bd6 33. Rf7+ Kc8 34. Qe4 Nc6 35. Qf5+ Kb8 36. Rd7 Ba3+ 37. Kb1 Re8 38. Rxb7+ Ka8 39. Qd7 Re1+ 40. Kc2 Rc1+ 41. Kd2 c3+ 42. Ke2 Rc2+ 43. Ke1 Rc1+ 44. Kf2 Rc2+ 45. Kg3 Bd6+ 46. Kh3 1-0

[Event "Krakow op-B 31st"]
[Site "Krakow"]
[Date "2020.12.30"]
[Round "4"]
[White "Golenia, Wojciech"]
[Black "Liberadzki, Slawomir"]
[Result "1-0"]
[WhiteElo "2004"]
[BlackElo "1947"]
[PlyCount "151"]
[EventDate "2020.12.27"]
[EventType "swiss"]
[EventRounds "9"]
[EventCountry "POL"]
[SourceTitle "CBM 200 Extra"]
[Source "ChessBase"]
[SourceDate "2021.03.31"]
[SourceVersion "1"]
[SourceVersionDate "2021.03.31"]
[SourceQuality "1"]

1. d4 d5 2. Bf4 Nf6 3. e3 Bf5 4. c4 c6 5. Nc3 e6 6. Qb3 Qb6 7. c5 Qxb3 8. axb3 Nbd7 9. b4 Nh5 10. Bg3 Nxg3 11. hxg3 Be7 12. b5 0-0 13. Nf3 Rfc8 14. bxc6 bxc6 15. b4 Bf6 16. Kd2 Rcb8 17. Ra4 e5 18. Ba6 Bg4 19. Ne2 e4 20. Ne1 Nf8 21. Nc2 Bc8 22. Rha1 Bd7 23. Nc3 Ne6 24. Be2 Rb7 25. Ba6 Rbb8 26. R4a3 Nc7 27. Be2 Rb7 28. Rb1 Kf8 29. Rh1 h6 30. Rha1 Ke8 31. Na4 Rab8 32. Nc3 Ra8 33. Rb3 Bd8 34. Ba6 Rbb8 35. Rb2 Ke7 36. f3 f5 37. Rba2 Ke6 38. Be2 Rb7 39. g4 exf3 40. gxf5+ Kf6 41. gxf3 Bxf5 42. e4 Be6 43. exd5 Bxd5 44. Ra3 Ke6 45. Nxd5 Nxd5 46. Bc4 Bg5+ 47. Ke2 Re7 48. Kf2 Kf5 49. Bxd5 cxd5 50. Ne3+ Bxe3+ 51. Rxe3 Rae8 52. Rxe7 Rxe7 53. b5 Rb7 54. Rb1 g5 55. c6 Rc7 56. Re1 Kf4 57. Re6 g4 58. fxg4 Kxg4 59. Rxh6 Kf4 60. Rh4+ Kg5 61. Rh1 Kf4 62. Ke2 a6 63. bxa6 Rxc6 64. Ra1 Rc8 65. Kd3 Ra8 66. a7 Kf5 67. Ra6 Kg5 68. Kc3 Kf5 69. Kd3 Kg5 70. Kc3 Kf5 71. Kb4 Ke4 72. Kc5 Rc8+ 73. Kb5 Ra8 74. Ra4 Rxa7 75. Rxa7 Kxd4 76. Rd7 1-0